000 00959nam a2200301 4500
001 177373
003 ES-MaACL
005 20250716000610.0
008 110318s2009 sp |||| | spa d
017 _aB-33.975-2009
020 _a9788498676549
080 _a32(460.23)
080 _a323.172
100 1 _aMaragall, Pasqual.
_9141309
245 1 0 _aEspíritu federal
_b: escritos políticos /
_cPasqual Maragall ; [prólogo de Javier Pérez Royo].
250 _a1ª ed.
260 _aBarcelona :
_bRBA,
_c2009.
300 _a346 p. ;
_c24 cm.
490 1 _aRBA temas de actualidad
650 0 4 _aFederalismo
_912738
651 7 _aCataluña-
_xPolítica y gobierno.
_98025
700 1 _aPérez Royo, Javier.
_991125
830 0 0 _aRBA temas de actualidad
_9190483
852 _aES-MaACL
_9184191
_bR-145591
_jA-11048
_dOlim: N-4053
_cDEPO1
942 _2udc
_cMONOGRAFIA
999 _c177373
_d177373